| 000 | 00432nam a22001697a 4500 | ||
|---|---|---|---|
| 005 | 20230112114131.0 | ||
| 008 | 220209b ||||| |||| 00| 0 eng d | ||
| 020 | _a81-239-1576-4 | ||
| 041 | _aeng | ||
| 082 | _a615.321 | ||
| 100 |
_aALI, MOHAMMED _96709 |
||
| 245 | _aPHARMACOGNOSY:PHARMACOGNOSY AND PLANT CULTIVATION [vol-2] | ||
| 260 |
_aNEW DELHI _bCBS |
||
| 300 | _a733;p | ||
| 650 |
_aPHARMACY _xB.PHARMA _97083 |
||
| 942 | _cBK | ||
| 999 |
_c7867 _d7865 |
||